"The Pink Corruption" trivia - Statistics

General Stats
  • This quiz has been taken 68 times
  • The average score is 11 of 12
Answer Stats
Hint Answer % Correct
How many pounds does Cube weigh? (according to Lythorus) 200
96%
How many Trees of Life are there in Paradise? 4
96%
Who is Cyan's caretaker? Cube
93%
Who is the corrupted counterpart of the above? Cubic
93%
What is the name of the antagonist in the series? Dub
93%
The Pink Corruption was inspired by what video game? Just Shapes And Beats
93%
What does Iris nickname his girlfriend, Pentellow? Lemon pie
93%
Who said this? "But in the future, don't kill another corrupt, it's not their fault that they're infected." Pyrare
93%
The above is the caretaker of what hero? Gold
89%
Who originally created "The Pink Corruption"? LucasTheDubber
78%
There are three members in the Chipzel group: Purpex, Squadril, and who else? Marcle
78%
What is the name of the animated series believed to be the continuation of The Pink Corruption (when in actuality, it's not)? HOPE
70%
No matching quizzes found
Score Distribution
Percent of People with Each Score
Percentile by Number Answered
Your Score History
You have not taken this quiz